| 000 | 00539nam a22002057a 4500 | ||
|---|---|---|---|
| 001 | 26071 | ||
| 003 | BD-RjUL | ||
| 005 | 20211209050952.0 | ||
| 008 | 140320s2005 bg ||||| |||| 00| 0 eng d | ||
| 035 | _a(BD-RjUL)26141 | ||
| 040 |
_aBD-RjUL _beng _cBD-RjUL |
||
| 041 | _aeng | ||
| 082 | 0 | 4 |
_222 _a202.15 _bFAA 2005 |
| 100 | 0 |
_aFarook uz Zaman. _980115 |
|
| 245 | 0 | 0 |
_aAngel on my shoulder / _cFarook uz Zaman. |
| 260 |
_aDhaka : _bTriune Press, _c2005. |
||
| 300 |
_avarious pages ; _c27 cm. |
||
| 650 | 0 |
_aAngels. _980116 |
|
| 942 |
_2ddc _cBK |
||
| 999 |
_c26071 _d26071 |
||